000 00572nam a2200193 a 4500
005 20140310183230.0
008 040311s19uu xx 00 eng d
020 _a0333922557
050 _aHF 5549.5.C8
_b.F7 2003
100 _aFranklin, Loretta
245 _aAn Introduction to workplace counselling :
_ba practitioner's guide /
_cLoretta Franklin.
260 _aNew York :
_bPalgave Macmillan,
_c2003.
300 _a260 p. :
_c22 cm.
500 _aIncludes Index
521 _aBSBA
650 _aEmployees
_xcounseling of
942 _cBK
_2lcc
_kFOR
999 _c20473
_d20473